000 00530nam a2200181Ia 4500
005 20251020182608.0
008 200515s9999 xx 000 0 und d
082 _aSC/601.07/P45/2002
110 _aPerú Minero
245 0 _aGuía del comprador minero 2002
260 _aLima
260 _c2002
300 _a68
520 _aCompañías nacionales y extranjeras del sector minero, especificando a las empresas proveedoras y un completo directorio empresarial
650 _aMINERIA
650 _aPROVEEDORES
942 _cLIB
999 _c3250
_d3250